College Student and His Problems (Record no. 4004)

MARC details
000 -LEADER
fixed length control field 00399nam a2200145Ia 4500
008 - FIXED-LENGTH DATA ELEMENTS--GENERAL INFORMATION
fixed length control field 211109s9999||||xx |||||||||||||| ||und||
082 ## - DEWEY DECIMAL CLASSIFICATION NUMBER
Classification number 378.16
Item number CAN-C
100 ## - MAIN ENTRY--PERSONAL NAME
Personal name Canfield, James Hulme
245 #0 - TITLE STATEMENT
Title College Student and His Problems
260 ## - PUBLICATION, DISTRIBUTION, ETC.
Name of publisher, distributor, etc. Macmillan and Co., Limited
Place of publication, distribution, etc. Kingston
Date of publication, distribution, etc. 1922
300 ## - PHYSICAL DESCRIPTION
Extent 329p.
630 ## - SUBJECT ADDED ENTRY--UNIFORM TITLE
General subdivision General Stack
650 ## - SUBJECT ADDED ENTRY--TOPICAL TERM
Topical term or geographic name entry element HIGHER EDUCATION
942 ## - ADDED ENTRY ELEMENTS (KOHA)
Koha item type BOOK
650 ## - SUBJECT ADDED ENTRY--TOPICAL TERM
General subdivision Education
Holdings
Withdrawn status Lost status Damaged status Not for loan Home library Current library Date acquired Cost, normal purchase price Total Checkouts Full call number Barcode Shelving location Date last seen Price effective from Koha item type
        SB LIBRARY SB LIBRARY 09/11/2021 100.00   378.16 CAN-C 00004416 GENERAL STACK 09/11/2021 09/11/2021 BOOK

Powered by Koha